000 00292nam a2200121Ia 4500
008 191201s2004 xx 000 0 und d
100 _aESPELAND, P
245 0 _aMaking Every Day Count
260 _aN.Delhi
_bDolphin Press
_c2004
300 _a382
650 _aGeneral Books
942 _2ddc
_cBK
999 _c1755
_d1755